Servidumbre y grandeza militares = (servitude et grandeur militaires) / (Record no. 71671)
[ view plain ]
| 000 -LEADER | |
|---|---|
| fixed length control field | 00687cam a2200217 4500 |
| 008 - FIXED-LENGTH DATA ELEMENTS--GENERAL INFORMATION | |
| fixed length control field | 1942 spa |
| 050 #4 - LIBRARY OF CONGRESS CALL NUMBER | |
| Classification number | PQ2474 |
| Item number | V55 1942 |
| 100 1# - MAIN ENTRY--PERSONAL NAME | |
| Personal name | Vigny, Alfredo de |
| 245 #0 - TITLE STATEMENT | |
| Title | Servidumbre y grandeza militares = (servitude et grandeur militaires) / |
| Statement of responsibility, etc | Alfredo de Vigny ; tr. directa del francés de José Frexas. |
| 260 ## - PUBLICATION, DISTRIBUTION, ETC. (IMPRINT) | |
| Place of publication, distribution, etc | Buenos Aires : |
| Name of publisher, distributor, etc | Sopena, |
| Date of publication, distribution, etc | 1942 |
| 300 ## - PHYSICAL DESCRIPTION | |
| Extent | 158 p. ; |
| Dimensions | 22 cm. |
| 440 #0 - SERIES STATEMENT/ADDED ENTRY--TITLE | |
| Title | Universo |
| 500 ## - GENERAL NOTE | |
| General note | Texto integro |
| 500 ## - GENERAL NOTE | |
| General note | 1 ejemplar |
| 650 #4 - SUBJECT ADDED ENTRY--TOPICAL TERM | |
| Topical term or geographic name as entry element | Literatura francesa siglo XIX |
| 650 #4 - SUBJECT ADDED ENTRY--TOPICAL TERM | |
| Topical term or geographic name as entry element | Literatura |
| General subdivision | Prosa |
| -- | Francia |
| 700 1# - ADDED ENTRY--PERSONAL NAME | |
| Personal name | Frexas , José, |
| Relator term | tr. |
| 942 ## - ADDED ENTRY ELEMENTS (KOHA) | |
| Source of classification or shelving scheme | Biblioteca del Cogreso de los Estados Unidos |
| Koha item type | Libro |
| Estado de pérdida | Fuente de clasificación | Estado del daño | No para préstamo | Ubicación permanente | Ubicación actual | Apartado o colección | Fecha de adquisición | Área del conocimiento | Clasificación | Código de Barras | Date last seen | Número de copia | Tipo de recurso |
|---|---|---|---|---|---|---|---|---|---|---|---|---|---|
| Biblioteca del Cogreso de los Estados Unidos | Biblioteca del Instituto de Investigaciones Históricas | Biblioteca del Instituto de Investigaciones Históricas | General | 21/11/2018 | Educación y Humanidades | PQ2474 V55 1942 | IIH000027359 | 21/11/2018 | C:1 | Libro |